Foucault y el cuidado de la libertad : Etica para un rostro de arena /

Foucault y el cuidado de la libertad. Ética para un rostro de arena entiende el último período de su obra como la búsqueda de una filosofía afirmativa, que propone un nuevo modo de relacionarse con uno mismo, en función de la resistencia a las lógicas de dominación hegemónica que operan en la socied...

Full description

Bibliographic Details
Main Author: Castro Orellana, Rodrigo
Format: Libro
Language:Spanish
Published: Santiago, Chile LOM 2008
Edition:1a. ed.
Series:Ciencias Humanas
Subjects:
Online Access:

MARC

LEADER 00000cam a2200000 a 4500
001 002458
003 UAHC_CL
005 20170803115834.0
008 081010s2008 cl 000 spa
020 |a 9789562829618 
040 |a UAHC_CL  |c UAHC_CL  |d UAHC_CL 
082 0 4 |a 190  |b C355  |2 20 
100 1 |a Castro Orellana, Rodrigo 
245 1 0 |a Foucault y el cuidado de la libertad :  |b Etica para un rostro de arena /  |c Rodrigo Castro Orellana. 
250 |a 1a. ed. 
260 |b LOM  |a Santiago, Chile  |c 2008 
300 |a 532 p. 
490 0 |a Ciencias Humanas 
520 |a Foucault y el cuidado de la libertad. Ética para un rostro de arena entiende el último período de su obra como la búsqueda de una filosofía afirmativa, que propone un nuevo modo de relacionarse con uno mismo, en función de la resistencia a las lógicas de dominación hegemónica que operan en la sociedad capitalista. En tal sentido, lo que él denomina como “ética del arte de vivir” o “estética de la existencia”, involucra la articulación de un espacio de lucha política. Rodrigo Castro Orellana brinda una nueva y original interpretación de la obra de uno de los pensadores más importantes del siglo XX. 
600 1 4 |a FOUCAULT, MICHEL  |d 1926-1984  |x CRITICA E INTERPRETACION 
650 4 |a FILOSOFIA MODERNA 
900 |a 190 CASO 
942 |c BK 
952 |0 0  |1 0  |4 0  |6 190_000000000000000_CASO  |7 0  |8 General  |9 5556  |a BC  |b BC  |c General  |d 2017-08-03  |l 0  |o 190 CASO  |p 1365880  |r 2026-01-07 00:00:00  |t 1  |w 2017-08-03  |y BK 
999 |c 2458  |d 2458